01318nam a2200337 a 4500001001200000003000800012006001900020007001500039008004100054010001700095020004300112020002700155040002100182035002100203050002400224082001400248100002100262245010800283260004200391300002300433490003800456504005100494533015200545650002500697650003000722655002900752710001700781830003900798856012600837999001700963ebr10674445CaPaEBRm u cr cn|||||||||120711s2013 maua sb 001 0 eng d z 2012027959 z9780262018630 (hardcover : alk. paper) z9780262312615 (e-book) aCaPaEBRcCaPaEBR a(OCoLC)83313268814aNA2765b.P36 2013eb04a720.12231 aParisi, Luciana.10aContagious architectureh[electronic resource] :bcomputation, aesthetics, and space /cLuciana Parisi. aCambridge, Mass. :bMIT Press,c2013. axx, 370 p. :bill.1 aTechnologies of lived abstraction aIncludes bibliographical references and index. aElectronic reproduction.bPalo Alto, Calif. :cebrary,d2013.nAvailable via World Wide Web.nAccess may be limited to ebrary affiliated libraries. 0aSpace (Architecture) 0aArchitecturexPhilosophy. 7aElectronic books.2local2 aebrary, Inc. 0aTechnologies of lived abstraction.40uhttp://site.ebrary.com/lib/rucke/Doc?id=10674445zAn electronic book accessible through the World Wide Web; click to view c56937d56937